000 00457nam a2200145Ia 4500
003 OSt
005 20260202113217.0
008 211028s2019 xx 000 0 und d
040 _cAIMIT LIBRARY
041 _aeng
100 _aMathew, Anjana;Suresh, Rajani.
_g1716021
_98001
245 _aStudy on the fairness of performence appraisal and job satisfaction with reference to Malabar Group /
260 _aCalicut
_bRavi Kudtarkar
_c2019
942 _2ddc
_cPRO
999 _c219569
_d219569